| 000 | 01185nam2a22003011 4500 | ||
|---|---|---|---|
| 001 | 2567640 | ||
| 005 | 20251118181745.5 | ||
| 021 |
_aRU _b86-74713 |
||
| 035 | _a(NLR Aleph) 006451879 | ||
| 090 |
_a5746945 _c5746945 |
||
| 100 | _a20110316d1986 u y0rusy50 ca | ||
| 101 | 0 | _arus | |
| 102 | _aRU | ||
| 105 | _ay z ||||| | ||
| 200 | 0 |
_a1985 г. _fОтв. ред. Гетьман И.П. |
|
| 210 | _d1986 | ||
| 215 | _a279 с. | ||
| 320 | _aУказ. в конце кн. | ||
| 461 | 0 |
_10012567619 _12001#$aЭкономическое и научно-техническое сотрудничество европейских социалистических стран. Комплексная программа социалистической экономической интеграции$eУказ. лит., изд. в СССР и европ. соц. странах...$fАН СССР, ИНИОН$v1985 г. |
|
| 702 | 1 |
_aГетьман _bИ.П. _4340 |
|
| 801 | 0 |
_aRU _bNLR _gpsbo |
|
| 801 | 1 |
_aRU _bELAR _2rusmarc |
|
| 852 |
_aNLR _jDesideratum |
||
| 899 |
_aRuMoRGB _j12 85-7/186-5 |
||
| 899 |
_aRuMoRGB _j12 85-7/187-3 |
||
| 899 |
_aRuMoRGB _jЦСБ |
||
| 942 | _cBOOK | ||
| 980 | _aNB | ||